Topology
Enregistré dans:
| Auteur principal: | |
|---|---|
| Format: | Livre |
| Langue: | anglais |
| Publié: |
Boston, United States
Allyn and Bacon
1966
|
| Sujets: | |
| Accès en ligne: | Disponible Online |
| Tags: |
Ajouter un tag
Pas de tags, Soyez le premier à ajouter un tag!
|
MARC
| LEADER | 00000nam a2200000 a 4500 | ||
|---|---|---|---|
| 001 | UCQ9616 | ||
| 003 | CL-VaPUC | ||
| 005 | 20210629220420.0 | ||
| 008 | 990112e19660000US |||||||||||||||||eng|d | ||
| 999 | |c 278608 |d 278606 | ||
| 040 | |c Pontificia Universidad Católica de Valparaíso | ||
| 082 | 0 | 4 | |a 514 DUG 1966 |2 21 |
| 100 | 0 | |a Dugundji, James |e author |9 424278 | |
| 245 | 1 | 0 | |a Topology |
| 260 | |a Boston, United States |b Allyn and Bacon |c 1966 | ||
| 300 | |a 447 páginas | ||
| 583 | |a last modification |c 19990112 00:00:00 |k Rodrigo Vera | ||
| 650 | 0 | |a Topología |9 260092 | |
| 650 | 0 | |a Teoría de conjuntos |9 265668 | |
| 650 | 0 | |a Espacios topológicos |9 360015 | |
| 650 | 0 | |a Productos cartesianos |2 CL-VaPUC |9 424276 | |
| 650 | 0 | |a Espacios métricos |9 269874 | |
| 650 | 0 | |a Teoría de la homotopía |2 CL-VaPUC |9 422263 | |
| 856 | |u http://bibliografiadigital.pucv.cl.pucv.idm.oclc.org/index.php/bibliotecapucv/catalog/book/541 |y Disponible Online | ||
| 942 | |c BK |2 ddc | ||
| 945 | |d 19990112 00:00:00 |a crobeson | ||
| 952 | |0 0 |1 0 |4 0 |6 514_000000000000000_DUG_1966 |7 0 |8 A |9 317246 |a BIBMAT |b BIBMAT |d 2019-11-20 |i 1316869 |l 2 |m 1 |o 514 DUG 1966 |p 1316869 |r 2025-01-07 |s 2021-12-13 |w 2019-11-20 |y BK |k MAT | ||
| 952 | |0 0 |1 0 |4 0 |6 514_000000000000000_DUG_1966 |7 0 |8 A |9 317247 |a BIBMAT |b BIBMAT |d 2019-11-20 |i 1316877 |l 2 |o 514 DUG 1966 |p 1316877 |r 2025-04-15 |s 2025-04-14 |w 2019-11-20 |y BK |k MAT | ||
| 952 | |0 0 |1 0 |4 0 |6 514_000000000000000_DUG_1966 |7 0 |8 A |9 317248 |a BIBMAT |b BIBMAT |d 2019-11-20 |i 1316885 |l 1 |o 514 DUG 1966 |p 1316885 |r 2025-04-17 |s 2022-05-31 |w 2019-11-20 |y BK |k MAT | ||
| 952 | |0 0 |1 0 |4 0 |6 514_000000000000000_DUG_1966 |7 0 |8 A |9 317249 |a BIBMAT |b BIBMAT |d 2019-11-20 |i 1318217 |l 3 |o 514 DUG 1966 |p 1318217 |q 2025-07-31 |r 2025-01-30 |s 2025-01-30 |w 2019-11-20 |y BK |k MAT | ||